Представление документа в формате MARC21

Поле Инд. ПП Название Значение
Тип записи a
Библиографический уровень m
001 Контрольный номер da6a3c29-a1ec-11da-83c3-0008a11c4c18
005 Дата корректировки 20140703150049.2
008 Кодируемые данные 060220
020 a ISBN 5-89176-324-9
c Цена, тираж 130.00
040 a Служба первич. каталог. НБ ТвГУ
041 a Код языка текста rus
080 a Индекс УДК 392.8
084 a Индекс другой классификации/Индекс ББК Т529(0)-425
090 x Авторский знак Д56
a Полочн. индекс Т529(0)
100 1_ a Автор Добровольская Мария Всеволодовна
242 _0 a Перевод заглавия Man and his food
245 00 a Заглавие Человек и его пища
c Ответственность М. В. Добровольская ; [Рос. акад. наук, Ин-т археологии]
260 0_ a Место издания Москва
b Издательство Научный мир
c Дата издания 2005
300 a Объем 367 с.
b Иллюстрации/ тип воспроизводства ил., табл.
504 a Библиография Библиогр.: с. 339-367.
583 a Действие Получение впервые 55 20.02.2006
k Исполнитель действия Дар РГГУ
583 a Действие Приписка 72 06.03.2006
k Исполнитель действия Дар РГГУ
650 a Основная рубрика Пища
650 a Основная рубрика Питание
x Основная подрубрика История
x Основная подрубрика Этнология
653 a Ключевые слова Пища
a Ключевые слова Питание человека
a Ключевые слова Этнология пищи
a Ключевые слова Этнология питания
852 t Порядковый номер экземпляра 1
p Инвентарный номер 834566
852 t Порядковый номер экземпляра 1
p Инвентарный номер 835005 130.00
888 a Бесплатные
952 p 55.2006 130.00 1 834566
p 72.2006 130.00 1 835005
c Вид литературы К рн
954 a Дата поступления на обработку 20061012
999 a Подразделение 2 ч.з.
a Подразделение 2 кх.